000 00477nmm a2200169Ia 4500
008 251105s9999||||xx |||||||||||||||||und||
041 _aspa
100 _aLlopart Gregori, Olivia
245 0 _aDark Divine
264 _a[Madrid, España] :
_bEdiciones B,
_c2015
300 _a320 páginas
650 _aTeen & Young Adult Fiction
700 _aLlopart Gregori, Olivia
700 1 _a Bree Despain
856 _uhttps://public.digitaliapublishing.com/a/52899
942 _cCF
999 _c67920
_d67920